[Event "SLO-chT U20"]
[Site "Dobrna"]
[Date "2019.08.30"]
[Round "6.4"]
[White "Bizjak, Anej"]
[Black "Muha, Miljenko"]
[Result "0-1"]
[WhiteElo "1574"]
[BlackElo "2323"]
[PlyCount "86"]
[EventDate "2019.08.27"]
[EventType "team-tourn"]
[EventRounds "7"]
[EventCountry "SLO"]
[SourceTitle "EXT 2020"]
[Source "ChessBase"]
[SourceDate "2019.10.17"]
[SourceVersion "1"]
[SourceVersionDate "2019.10.17"]
[SourceQuality "1"]

1. b4 c6 2. c4 d5 3. e3 e5 4. Qb3 Nf6 5. Bb2 Bd6 6. Nf3 Qe7 7. a3 0-0 8. Be2 b6 9. d3 Nbd7 10. Nbd2 Bb7 11. 0-0 c5 12. b5 d4 13. e4 Nh5 14. Rfe1 g6 15. Bc1 Kh8 16. Bf1 f5 17. h3 Rf7 18. Nh2 Raf8 19. Ndf3 Qf6 20. Bh6 Rg8 21. Bg5 Qg7 22. Bd2 h6 23. Qd1 fxe4 24. dxe4 g5 25. Nxd4 cxd4 26. Qxh5 Nf6 27. Qd1 Nxe4 28. f3 Nc5 29. Qc2 Rgf8 30. Bd3 Nxd3 31. Qxd3 h5 32. Re2 Qh7 33. Qxh7+ Kxh7 34. Bxg5 Rc8 35. Rc2 Rfc7 36. Rac1 Bd5 37. Ra1 Rxc4 38. Re2 Rc2 39. Ree1 Rb2 40. Bf6 Rcc2 41. Bxe5 Rxg2+ 42. Kh1 Bxe5 43. Rxe5 Rxh2+ 0-1

[Event "SLO-chT U20"]
[Site "Dobrna"]
[Date "2019.08.29"]
[Round "4.8"]
[White "Bratkovic, Jakob"]
[Black "Bizjak, Anej"]
[Result "1-0"]
[WhiteElo "2350"]
[BlackElo "1574"]
[PlyCount "75"]
[EventDate "2019.08.27"]
[EventType "team-tourn"]
[EventRounds "7"]
[EventCountry "SLO"]
[SourceTitle "EXT 2020"]
[Source "ChessBase"]
[SourceDate "2019.10.17"]
[SourceVersion "1"]
[SourceVersionDate "2019.10.17"]
[SourceQuality "1"]

1. e4 e6 2. d4 d5 3. Nd2 c5 4. exd5 Qxd5 5. Ngf3 cxd4 6. Bc4 Qd7 7. Qe2 a6 8. 0-0 Nf6 9. Nb3 Nc6 10. Bg5 Be7 11. Rad1 b5 12. Bd3 Bb7 13. Nfxd4 0-0 14. Nf3 Qc7 15. c3 Nd5 16. Qe4 g6 17. Qh4 Rfe8 18. Nbd2 Bf8 19. Ne4 Bg7 20. Bc2 Nce7 21. Ng3 Rad8 22. Bh6 Nf5 23. Nxf5 exf5 24. Bg5 Rd7 25. Nd4 Qe5 26. f3 Qd6 27. Rfe1 Rc8 28. Kh1 f6 29. Bc1 f4 30. Ne6 f5 31. Bxf4 Qc6 32. Bb3 Bf6 33. Bg5 Bxg5 34. Qxg5 Kh8 35. Bxd5 Qd6 36. Qf6+ Kg8 37. Bb3 Qe7 38. Ng5+ 1-0

[Event "EU-ch U14"]
[Site "Bratislava"]
[Date "2019.08.05"]
[Round "4"]
[White "Bizjak, Anej"]
[Black "Grec, Jan Alexander"]
[Result "1-0"]
[WhiteElo "1574"]
[BlackElo "1870"]
[PlyCount "67"]
[EventDate "2019.08.02"]
[EventType "swiss"]
[EventRounds "9"]
[EventCountry "SVK"]
[SourceTitle "EXT 2020"]
[Source "ChessBase"]
[SourceDate "2019.10.17"]
[SourceVersion "1"]
[SourceVersionDate "2019.10.17"]
[SourceQuality "1"]

1. Nf3 c5 2. c4 Nc6 3. Nc3 g6 4. e3 Bg7 5. d4 cxd4 6. exd4 d6 7. Be2 Nh6 8. 0-0 0-0 9. Be3 Nf5 10. Qd2 Rb8 11. Rab1 b6 12. b4 Qd7 13. Bd1 Qd8 14. Bc2 Bd7 15. Rfd1 Qc8 16. Nd5 Re8 17. h3 Nxe3 18. Qxe3 e5 19. dxe5 Nxe5 20. Nxe5 dxe5 21. Bb3 Kh8 22. Rbc1 Qb7 23. c5 Bc6 24. cxb6 axb6 25. b5 Bxd5 26. Bxd5 Qa7 27. Rc6 Red8 28. Qb3 Rd7 29. Rdc1 Rbd8 30. Rc8 f5 31. Be6 Rd2 32. Qb4 Bh6 33. R1c7 Bf4 34. Qf8+ 1-0

[Event "EU-ch U14"]
[Site "Bratislava"]
[Date "2019.08.02"]
[Round "1"]
[White "Zemach, Nadav"]
[Black "Bizjak, Anej"]
[Result "1-0"]
[WhiteElo "1997"]
[BlackElo "1574"]
[PlyCount "133"]
[EventDate "2019.08.02"]
[EventType "swiss"]
[EventRounds "9"]
[EventCountry "SVK"]
[SourceTitle "EXT 2020"]
[Source "ChessBase"]
[SourceDate "2019.10.17"]
[SourceVersion "1"]
[SourceVersionDate "2019.10.17"]
[SourceQuality "1"]

1. d4 e6 2. c4 d5 3. Nf3 Nf6 4. g3 Be7 5. Bg2 Nbd7 6. 0-0 c6 7. Qc2 Qc7 8. Nbd2 b6 9. b3 0-0 10. e4 dxe4 11. Nxe4 Nxe4 12. Qxe4 Nf6 13. Qe2 Ba6 14. Bf4 Bd6 15. Ne5 Nd5 16. Bd2 Rad8 17. Rfe1 Ne7 18. Bc3 Nd5 19. Bb2 Bb4 20. Rec1 Ne7 21. Qe4 Bb7 22. Nd3 Bd2 23. Rc2 Bg5 24. Ne5 f6 25. Nf3 Bc8 26. Nxg5 fxg5 27. Re1 Rf7 28. a3 a5 29. Rcc1 Qd7 30. Rcd1 Rdf8 31. Re2 c5 32. Rdd2 cxd4 33. Bxd4 Qc7 34. Be5 Qa7 35. Bd4 Nf5 36. b4 axb4 37. axb4 Bb7 38. Qd3 Rd8 39. Qc3 Bxg2 40. Kxg2 Re8 41. Kg1 Qb7 42. Be5 Nh6 43. Qe3 Rf5 44. Qe4 Qf7 45. Kg2 Qh5 46. Rd7 Ng4 47. Rxg7+ Kf8 48. Rxh7 Qxh7 49. Qxg4 Rd8 50. Qe4 Qg8 51. Bc7 Re8 52. Bxb6 g4 53. Bc5+ Kf7 54. Qb7+ Kf6 55. Qd7 Qh8 56. Qd4+ e5 57. Qxg4 Rg8 58. Qe4 Qh5 59. Qc6+ Kg7 60. Rd2 Kh8 61. Rd6 Kg7 62. Qb7+ Kh8 63. Be3 Rg6 64. Qa8+ Kh7 65. Rd8 Qg4 66. Rh8+ Kg7 67. Bh6+ 1-0

[Event "Varazdinske Toplice rapid op"]
[Site "Varazdinske Toplice"]
[Date "2017.12.26"]
[Round "9"]
[White "Bizjak, Anej"]
[Black "Maltar, Alberto"]
[Result "0-1"]
[WhiteElo "1495"]
[BlackElo "2016"]
[PlyCount "202"]
[EventDate "2017.12.26"]
[EventType "swiss (rapid)"]
[EventRounds "9"]
[EventCountry "CRO"]
[SourceTitle "EXT 2019"]
[Source "ChessBase"]
[SourceDate "2018.10.10"]
[SourceVersion "1"]
[SourceVersionDate "2018.10.10"]
[SourceQuality "1"]

1. b4 e6 2. Bb2 Nf6 3. a3 d5 4. e3 c5 5. bxc5 Bxc5 6. c4 0-0 7. Nf3 Nc6 8. Be2 dxc4 9. Bxc4 a6 10. 0-0 b5 11. Bb3 Bb7 12. d4 Bd6 13. Bc2 Na5 14. Nbd2 Rc8 15. Rc1 Nc4 16. Nxc4 Rxc4 17. a4 Qc7 18. axb5 axb5 19. Bd3 Rxc1 20. Bxc1 Rc8 21. Bb2 b4 22. Nd2 Qc6 23. e4 Be7 24. f4 Ba6 25. Bxa6 Qxa6 26. Rf3 Qa2 27. Rb3 h6 28. h3 Qa8 29. Qe2 Qb8 30. f5 exf5 31. exf5 Bd6 32. Nc4 Bh2+ 33. Kh1 Re8 34. Ne5 Nd7 35. Kxh2 f6 36. Qc4+ Kh8 37. Rxb4 Qd6 38. Rb5 fxe5 39. Rd5 Nb6 40. Rxd6 Nxc4 41. dxe5 Nxb2 42. e6 Nc4 43. Rd7 Nb6 44. Rd6 Nc8 45. Rd7 Kg8 46. g4 Nb6 47. Rb7 Nd5 48. Rd7 Nf6 49. Rf7 Rc8 50. Kg3 Rc3+ 51. Kg2 Re3 52. Ra7 Ne4 53. Ra8+ Kh7 54. e7 Nf6 55. Ra7 Kg8 56. Ra8+ Kf7 57. Ra7 Rxe7 58. Ra6 Ne4 59. Ra4 Ng5 60. Ra3 Re2+ 61. Kg3 Rb2 62. h4 Ne4+ 63. Kf3 Rb4 64. Ra7+ Kg8 65. Ra8+ Kh7 66. Ra3 Nd2+ 67. Kg3 Rb3+ 68. Rxb3 Nxb3 69. Kf4 Nc5 70. g5 h5 71. Ke5 Nd3+ 72. Ke4 Nf2+ 73. Kf3 Ng4 74. Kg3 Kg8 75. g6 Kf8 76. Kf4 Ke7 77. Kg5 Nf6 78. Kf4 Kd6 79. Kg5 Kd5 80. Kf4 Kd4 81. Kg5 Ne4+ 82. Kxh5 Ke5 83. Kg4 Nf6+ 84. Kg5 Ne4+ 85. Kg4 Nd6 86. f6 Kxf6 87. h5 Nf5 88. Kf4 Nh6 89. Kg3 Kg5 90. Kh3 Kxh5 91. Kg3 Kxg6 92. Kh4 Kf5 93. Kg3 g5 94. Kf3 g4+ 95. Kg3 Kg5 96. Kg2 Kh4 97. Kh2 g3+ 98. Kg2 Ng4 99. Kg1 Kh3 100. Kh1 Nh2 101. Kg1 Nf3+ 0-1

[Event "Varazdinske Toplice rapid op"]
[Site "Varazdinske Toplice"]
[Date "2017.12.26"]
[Round "7"]
[White "Segovic, Goran"]
[Black "Bizjak, Anej"]
[Result "1-0"]
[WhiteElo "2273"]
[BlackElo "1495"]
[PlyCount "67"]
[EventDate "2017.12.26"]
[EventType "swiss (rapid)"]
[EventRounds "9"]
[EventCountry "CRO"]
[SourceTitle "EXT 2019"]
[Source "ChessBase"]
[SourceDate "2018.10.10"]
[SourceVersion "1"]
[SourceVersionDate "2018.10.10"]
[SourceQuality "1"]

1. e4 c5 2. Nf3 d6 3. Bb5+ Nd7 4. 0-0 Ngf6 5. Qe2 a6 6. Bxd7+ Bxd7 7. e5 dxe5 8. Nxe5 e6 9. b3 Bd6 10. Bb2 0-0 11. d3 Qc7 12. Nd2 h6 13. Ndc4 b5 14. Nxd6 Qxd6 15. Rfe1 Rad8 16. Qf3 Nh7 17. Re2 Ng5 18. Qg4 f5 19. Qf4 Be8 20. Rae1 Nh7 21. Qd2 Nf6 22. Nf3 Bc6 23. Rxe6 Qc7 24. Bxf6 Rxf6 25. Rxf6 gxf6 26. Nh4 Qg7 27. g3 Qf7 28. Nxf5 Qb7 29. Qxh6 Bh1 30. Qg6+ Kf8 31. Qxf6+ Kg8 32. Ne7+ Kh7 33. Qg6+ Kh8 34. Qh6# 1-0

[Event "Otocec Krka Terme op"]
[Site "Otocec"]
[Date "2017.11.10"]
[Round "5"]
[White "Bizjak, Anej"]
[Black "Ruzic, Pia Marie"]
[Result "0-1"]
[WhiteElo "1267"]
[BlackElo "1562"]
[PlyCount "106"]
[EventDate "2017.11.02"]
[EventType "swiss"]
[EventRounds "9"]
[EventCountry "SLO"]
[SourceTitle "EXT 2019"]
[Source "ChessBase"]
[SourceDate "2018.10.10"]
[SourceVersion "1"]
[SourceVersionDate "2018.10.10"]
[SourceQuality "1"]

1. b4 Nf6 2. Bb2 g6 3. e3 Bg7 4. c4 0-0 5. Nf3 d6 6. h3 Nbd7 7. d4 b6 8. Bd3 Bb7 9. Nbd2 Re8 10. e4 e5 11. d5 a5 12. a3 axb4 13. axb4 Qe7 14. 0-0 Nh5 15. Re1 Bh8 16. Nh2 Qf8 17. Rxa8 Rxa8 18. Bc1 Nf4 19. Ndf1 Ra1 20. Qf3 Qa8 21. Rd1 Nxd3 22. Qxd3 Qa4 23. b5 Nc5 24. Qe2 Bf6 25. Nf3 Bg7 26. Re1 Ra2 27. N3d2 Nb3 28. Ne3 Bh6 29. Qd3 Nxc1 30. Rxc1 Bc8 31. Nb1 Ra1 32. Kh2 Bxe3 33. Qxe3 Qb4 34. Qd3 f5 35. f3 Qb2 36. Rf1 Ra2 37. Rg1 Qf2 38. Qf1 Qh4 39. Qe1 Qh5 40. Nc3 Rc2 41. Rf1 fxe4 42. Rf2 Rxf2 43. Qxf2 exf3 44. Qxf3 Qxf3 45. gxf3 Bf5 46. Nd1 Kf7 47. Kg3 e4 48. fxe4 Bxe4 49. Ne3 Kf6 50. Ng4+ Kf5 51. Kf2 h5 52. Nh2 Bd3 53. Nf1 Bxf1 0-1

[Event "Otocec Krka Terme op"]
[Site "Otocec"]
[Date "2017.11.05"]
[Round "8"]
[White "Radej, Filip"]
[Black "Bizjak, Anej"]
[Result "0-1"]
[WhiteElo "1135"]
[BlackElo "1267"]
[PlyCount "62"]
[EventDate "2017.11.02"]
[EventType "swiss"]
[EventRounds "9"]
[EventCountry "SLO"]
[SourceTitle "EXT 2019"]
[Source "ChessBase"]
[SourceDate "2018.10.10"]
[SourceVersion "1"]
[SourceVersionDate "2018.10.10"]
[SourceQuality "1"]

1. e4 c5 2. Nf3 d6 3. d4 cxd4 4. Nxd4 Nf6 5. Nc3 e5 6. Nde2 Bg4 7. f3 Be6 8. Ng3 Be7 9. Be3 0-0 10. Bd3 Nbd7 11. 0-0 h6 12. Qd2 Nh7 13. Rad1 Bg5 14. f4 exf4 15. Bxf4 Nc5 16. Bxg5 Nxg5 17. Be2 Qb6 18. Qxd6 Qxb2 19. Qxc5 Rac8 20. Qxa7 Rxc3 21. Qd4 Rxc2 22. Qxb2 Rxb2 23. Bf3 Rxa2 24. e5 Nxf3+ 25. Rxf3 Bg4 26. Rfd3 Bxd1 27. Rxd1 b5 28. Rb1 Rb8 29. Ne4 b4 30. Nc5 Rc8 31. Na6 Rxa6 0-1

[Event "Otocec Krka Terme op"]
[Site "Otocec"]
[Date "2017.11.04"]
[Round "7"]
[White "Bizjak, Anej"]
[Black "Urbanc, Suzana"]
[Result "0-1"]
[WhiteElo "1267"]
[BlackElo "1646"]
[PlyCount "64"]
[EventDate "2017.11.02"]
[EventType "swiss"]
[EventRounds "9"]
[EventCountry "SLO"]
[SourceTitle "EXT 2019"]
[Source "ChessBase"]
[SourceDate "2018.10.10"]
[SourceVersion "1"]
[SourceVersionDate "2018.10.10"]
[SourceQuality "1"]

1. b4 f5 2. Bb2 d5 3. e3 e6 4. a3 Nf6 5. c4 c5 6. bxc5 Bxc5 7. Nf3 0-0 8. Be2 Nc6 9. Qc2 d4 10. 0-0 e5 11. Re1 d3 12. Bxd3 e4 13. Be2 exf3 14. Bxf3 Qc7 15. g3 Ne5 16. Bg2 Bb6 17. c5 Be6 18. Bxe5 Qxe5 19. d4 Qc7 20. Nc3 Ba5 21. Nb5 Qe7 22. Red1 Bd5 23. Qxf5 Bxg2 24. Kxg2 Rad8 25. Nd6 Bc7 26. Nxb7 Ne4 27. Qg4 Rxf2+ 28. Kg1 Rdf8 29. d5 Ng5 30. d6 Qxe3 31. dxc7 Nf3+ 32. Qxf3 Qxf3 0-1

[Event "Otocec Krka Terme op"]
[Site "Otocec"]
[Date "2017.11.02"]
[Round "3"]
[White "Bizjak, Anej"]
[Black "Vah, Denis"]
[Result "0-1"]
[WhiteElo "1267"]
[BlackElo "1657"]
[PlyCount "80"]
[EventDate "2017.11.02"]
[EventType "swiss"]
[EventRounds "9"]
[EventCountry "SLO"]
[SourceTitle "EXT 2019"]
[Source "ChessBase"]
[SourceDate "2018.10.10"]
[SourceVersion "1"]
[SourceVersionDate "2018.10.10"]
[SourceQuality "1"]

1. b4 a5 2. bxa5 Rxa5 3. Bb2 Nf6 4. e3 e6 5. c4 d5 6. Bc3 Ra8 7. Bxf6 Qxf6 8. Nc3 c6 9. f4 Bb4 10. Nge2 Nd7 11. Qb3 Nc5 12. Qc2 Ne4 13. Rb1 Bxc3 14. dxc3 0-0 15. g3 Qe7 16. Bg2 f5 17. 0-0 Qc5 18. Nd4 Qxc4 19. Bxe4 fxe4 20. Rb2 e5 21. Nb3 exf4 22. gxf4 Rf6 23. Rf2 Bh3 24. Nd2 Rg6+ 25. Kh1 Qc5 26. Re2 Rf8 27. Rxb7 Rxf4 28. Rb8+ Rf8 29. Qb3 Qd6 30. Rxf8+ Qxf8 31. Qb1 Bg4 32. Rg2 Bf3 33. Nxf3 Rxg2 34. Kxg2 Qxf3+ 35. Kg1 Qxe3+ 36. Kh1 Qxc3 37. Qb8+ Kf7 38. Qc7+ Kg6 39. Qg3+ Qxg3 40. hxg3 Kf6 0-1

[Event "SLO-ch U12"]
[Site "Ptuj"]
[Date "2017.03.03"]
[Round "9"]
[White "Dimec, Tadej"]
[Black "Bizjak, Anej"]
[Result "0-1"]
[WhiteElo "1108"]
[BlackElo "1176"]
[PlyCount "62"]
[EventDate "2017.02.27"]
[EventType "swiss"]
[EventRounds "9"]
[EventCountry "SLO"]
[SourceTitle "CBM 177 Extra"]
[Source "ChessBase"]
[SourceDate "2017.04.27"]
[SourceVersion "1"]
[SourceVersionDate "2017.04.27"]
[SourceQuality "1"]

1. e4 c5 2. Nf3 d6 3. Nc3 Nf6 4. Bb5+ Nbd7 5. Bc4 e6 6. 0-0 a6 7. d4 cxd4 8. Nxd4 Be7 9. Kh1 b5 10. Bd3 Bb7 11. f4 b4 12. Nce2 Nxe4 13. f5 e5 14. Nf3 Ndf6 15. Qe1 Nc5 16. Bc4 a5 17. Bb5+ Nfd7 18. Qg3 Bf6 19. Bg5 Ne4 20. Bxd7+ Kxd7 21. Nxe5+ Bxe5 22. Bxd8 Nxg3+ 23. Nxg3 Raxd8 24. Rad1 Bxg3 25. hxg3 Rhe8 26. Rfe1 Rxe1+ 27. Rxe1 Re8 28. Rxe8 Kxe8 29. g4 g6 30. f6 h6 31. Kh2 Kd7 0-1

[Event "SLO-ch U12"]
[Site "Ptuj"]
[Date "2017.03.01"]
[Round "5"]
[White "Bizjak, Anej"]
[Black "Kavcic, Bor"]
[Result "1-0"]
[WhiteElo "1176"]
[BlackElo "1364"]
[PlyCount "67"]
[EventDate "2017.02.27"]
[EventType "swiss"]
[EventRounds "9"]
[EventCountry "SLO"]
[SourceTitle "CBM 177 Extra"]
[Source "ChessBase"]
[SourceDate "2017.04.27"]
[SourceVersion "1"]
[SourceVersionDate "2017.04.27"]
[SourceQuality "1"]

1. d4 d5 2. c4 c6 3. Nc3 Nf6 4. Bg5 dxc4 5. a4 e6 6. e4 Be7 7. Bxc4 0-0 8. Nf3 Nbd7 9. 0-0 h6 10. Bh4 a5 11. Bd3 c5 12. Bb1 b6 13. Qc2 g6 14. Rd1 Qe8 15. Nb5 Ba6 16. Nc7 Qc8 17. Nxa8 Qxa8 18. e5 Nd5 19. Bxe7 Nxe7 20. Qd2 Kg7 21. Qf4 Nd5 22. Qg4 cxd4 23. Rxd4 Be2 24. Be4 Nxe5 25. Qg3 Nxf3+ 26. gxf3 f5 27. Bxd5 exd5 28. Qe5+ Kg8 29. Qxe2 Re8 30. Qb5 Rd8 31. Qxb6 Kg7 32. Rad1 Rb8 33. Qc7+ Kg8 34. Rxd5 1-0

[Event "SLO-ch U12"]
[Site "Ptuj"]
[Date "2017.02.28"]
[Round "4"]
[White "Siraj, Svit"]
[Black "Bizjak, Anej"]
[Result "1-0"]
[WhiteElo "1475"]
[BlackElo "1176"]
[PlyCount "81"]
[EventDate "2017.02.27"]
[EventType "swiss"]
[EventRounds "9"]
[EventCountry "SLO"]
[SourceTitle "CBM 177 Extra"]
[Source "ChessBase"]
[SourceDate "2017.04.27"]
[SourceVersion "1"]
[SourceVersionDate "2017.04.27"]
[SourceQuality "1"]

1. d4 d5 2. Nf3 Nf6 3. Bf4 Bf5 4. c4 e6 5. Nc3 Bb4 6. Qb3 Nc6 7. a3 Bxc3+ 8. Qxc3 0-0 9. e3 h6 10. Be2 Ne4 11. Qb3 b6 12. 0-0 Bg4 13. Rfd1 Na5 14. Qc2 c5 15. cxd5 exd5 16. Ne5 Bxe2 17. Qxe2 Re8 18. Qh5 Rf8 19. dxc5 bxc5 20. b4 Nb3 21. Rab1 c4 22. Rb2 Rc8 23. Nxc4 dxc4 24. Rxd8 Rfxd8 25. Be5 c3 26. Bxc3 Nxc3 27. g3 Nc1 28. Rc2 Rd1+ 29. Qxd1 Nxd1 30. Rxc8+ Kh7 31. Rxc1 Nb2 32. Rc2 Nd3 33. b5 Ne5 34. a4 Nd3 35. a5 Ne1 36. Rc7 Nf3+ 37. Kg2 Ne1+ 38. Kh3 Nf3 39. b6 Ng5+ 40. Kg2 Ne6 41. Rxa7 1-0

[Event "SLO-chT2 East"]
[Site "Slovenia"]
[Date "2016.10.01"]
[Round "2"]
[White "Bizjak, Anej"]
[Black "Ajster, Darko"]
[Result "0-1"]
[WhiteElo "1160"]
[BlackElo "1550"]
[PlyCount "120"]
[EventDate "2016.09.24"]
[EventType "team-tourn"]
[EventRounds "9"]
[EventCountry "SLO"]
[SourceTitle "EXT 2019"]
[Source "ChessBase"]
[SourceDate "2018.10.10"]
[SourceVersion "1"]
[SourceVersionDate "2018.10.10"]
[SourceQuality "1"]
[WhiteTeam "Krsko Triglav II"]
[BlackTeam "Maribor Gambit"]
[WhiteTeamCountry "SLO"]
[BlackTeamCountry "SLO"]

1. d4 d5 2. c4 Nf6 3. Nc3 e6 4. Bg5 Be7 5. Bxf6 Bxf6 6. cxd5 exd5 7. e3 0-0 8. Bd3 c6 9. h3 Re8 10. Nf3 Nd7 11. 0-0 Nf8 12. Re1 Bd7 13. e4 dxe4 14. Nxe4 Bf5 15. Nxf6+ Qxf6 16. Bxf5 Qxf5 17. Qd2 Qd5 18. b3 Ne6 19. Re5 Qd6 20. Rae1 Red8 21. Qe3 h6 22. Rd1 Nc7 23. a4 Nd5 24. Qd3 Qf6 25. Rf5 Qd6 26. Ne5 Nf6 27. Qc4 Qe6 28. Qxe6 fxe6 29. Rf4 Rd5 30. Rd3 Rad8 31. g3 Rxe5 32. dxe5 Rxd3 33. exf6 Rxb3 34. fxg7 Kxg7 35. Rd4 c5 36. Rc4 b6 37. a5 Rb4 38. Rc3 c4 39. Kf1 b5 40. Ke2 Ra4 41. Ke3 Rxa5 42. Kd4 Kf6 43. Kc5 a6 44. Kd6 Ra2 45. Rf3+ Kg6 46. Kxe6 b4 47. Rf4 Re2+ 48. Kd5 b3 49. Rxc4 b2 50. Rb4 a5 51. Rb6+ Kf5 52. Kd4 a4 53. g4+ Kg5 54. Kd3 Rxf2 55. Ke3 Rh2 56. Ke4 a3 57. Ke5 a2 58. Rb8 b1Q 59. Rg8+ Kh4 60. Rh8 Re2+ 0-1